000 00822nam a2200217 a 4500
005 20140414132123.0
008 130215s19uu xx 00 eng d
020 _a9780316085281
050 _aFIC
_bCo874h 2004
100 _aCowell, Criselda
245 _aHow to be a pirate (book 2)/.
260 _aNew York :
_bLittle Brown and Company,
_c2004.
300 _a223p.
440 _aHow to train your dragon.
520 _aFollows the adventures and misadventures of Hiccup Horrendous Haddock the Third as his Vikings training continous and his father leads a stranger and the Hairy Hooligans to the Isle of Skullions in search of a pirate's treasure.
650 _aVikings-
_xjuvenile fiction.
650 _aDragons-
_xfiction.
650 _aVikings-
_xfiction.
650 _aHumorous stories.
999 _c115115
_d115115